Virginia Woolf to the lighthouse / (Record no. 23610)
[ view plain ]
| 000 -LEADER | |
|---|---|
| fixed length control field | 01090nam a22002417a 4500 |
| 003 - CONTROL NUMBER IDENTIFIER | |
| control field | Nust |
| 005 - DATE AND TIME OF LATEST TRANSACTION | |
| control field | 20230711164232.0 |
| 008 - FIXED-LENGTH DATA ELEMENTS--GENERAL INFORMATION | |
| fixed length control field | 131219b xxu||||| |||| 00| 0 eng d |
| 020 ## - INTERNATIONAL STANDARD BOOK NUMBER | |
| Terms of availability | Available |
| International Standard Book Number | 9781853260919 |
| 040 ## - CATALOGING SOURCE | |
| Original cataloging agency | DLC |
| Language of cataloging | DLC |
| Transcribing agency | RCMS |
| 082 ## - DEWEY DECIMAL CLASSIFICATION NUMBER | |
| Classification number | 823.912 |
| Author Mark | WOO |
| 100 ## - MAIN ENTRY--PERSONAL NAME | |
| Personal name | M.A, H.Newman |
| 9 (RLIN) | 984 |
| 245 ## - TITLE STATEMENT | |
| Title | Virginia Woolf to the lighthouse / |
| Statement of responsibility, etc. | a BBC-TV production in association with Colin Gregg Films, Ltd. ; directed by Colin Gregg. |
| 260 ## - PUBLICATION, DISTRIBUTION, ETC. | |
| Place of publication, distribution, etc. | United States |
| Name of publisher, distributor, etc. | Bookland |
| Date of publication, distribution, etc. | 1984-10-12 ; |
| 300 ## - PHYSICAL DESCRIPTION | |
| Extent | xvi, 232p.: |
| Other physical details | 1/2 in. viewing copy. |
| Dimensions | 22,cm. |
| 500 ## - GENERAL NOTE | |
| General note | LC copies are probable original broadcast copy (1/2 in. viewing copy, VAF 4845), WETA-TV off-air copy of original PBS Great performances broadcast copy (1/2 in. viewing copy, copy 2, VAA 1147) and WETA-TV rebroadcast copy of original PBS Great performances broadcast copy (3/4 in. viewing copy, VBD 6228-6229). |
| 520 ## - SUMMARY, ETC. | |
| Summary, etc. | |
| 538 ## - SYSTEM DETAILS NOTE | |
| Display text | Shelf # 13, Row # 1, Fiction. |
| 650 ## - SUBJECT ADDED ENTRY--TOPICAL TERM | |
| Topical term or geographic name entry element | MCE |
| 9 (RLIN) | 379 |
| 710 ## - ADDED ENTRY--CORPORATE NAME | |
| Corporate name or jurisdiction name as entry element | Copyright Collection (Library of Congress) |
| 9 (RLIN) | 985 |
| 856 ## - ELECTRONIC LOCATION AND ACCESS | |
| Materials specified | Table of Content Only |
| 942 ## - ADDED ENTRY ELEMENTS (KOHA) | |
| Source of classification or shelving scheme | |
| Koha item type | Fiction |
| Withdrawn status | Lost status | Source of classification or shelving scheme | Damaged status | Not for loan | Collection code | Permanent Location | Current Location | Shelving location | Date acquired | Total Checkouts | Full call number | Barcode | Date last seen | Price effective from | Koha item type |
|---|---|---|---|---|---|---|---|---|---|---|---|---|---|---|---|
| School of Interdisciplinary Engineering and Sciences (SINES) | School of Interdisciplinary Engineering and Sciences (SINES) | Fiction | 12/19/2013 | 823.9WOO | RCMS000656 | 12/19/2013 | 12/19/2013 | Fiction |
